Discurso del metodo, dióptrica, meteoros y geometría

Guardat en:
Dades bibliogràfiques
Autor principal: Descartes, René (autor)
Format: Llibre
Idioma:espanyol
Publicat: Barcelona Alfaguara 1981
Matèries:
Etiquetes: Afegir etiqueta
Sense etiquetes, Sigues el primer a etiquetar aquest registre!

MARC

LEADER 00000nam a2200000 a 4500
001 UCY4805
003 CL-VaPUC
008 950329e19810000SP |||||||||||||||||spa|d
082 0 4 |a 194  |b DES  |2 21 
100 |a Descartes, René  |e autor  |9 265906 
245 1 0 |a Discurso del metodo, dióptrica, meteoros y geometría 
300 |a 490 p 
942 |c BK 
945 |d 19950329 00:00:00  |a aalvarez 
260 |a Barcelona  |b Alfaguara  |c 1981 
650 0 |a Filosofía francesa   |9 255698 
650 7 |a FILOSOFIA SIGLO 17  |2 CL-VaPUC  |9 333306 
583 |a last modification  |c 20121002 11:51:29  |k Rodrigo Vera 
999 |c 232569  |d 232567 
952 |0 0  |1 0  |4 0  |6 194_000000000000000_DES_1981  |7 0  |8 P  |9 237265  |a BIBEDU  |b BIBEDU  |c BIBEDU_PB  |d 2019-11-15  |i 3070786  |o 194 DES 1981  |p 3070786  |r 2024-01-25  |w 2019-11-15  |y BK  |k FIL